[Event "Hilversum op"]
[Site "Hilversum"]
[Date "2008.04.10"]
[Round "6"]
[White "Grooten, Herman"]
[Black "Ceko, Jovan"]
[Result "1-0"]
[WhiteElo "2375"]
[BlackElo "2242"]
[PlyCount "51"]
[EventDate "2008.04.05"]
[EventType "swiss"]
[EventRounds "9"]
[EventCountry "NED"]
[SourceTitle "CBM 123 Extra"]
[Source "ChessBase"]
[SourceDate "2008.05.06"]
[SourceVersion "1"]
[SourceVersionDate "2008.05.06"]
[SourceQuality "1"]

1. e4 c6 2. d4 d5 3. e5 Bf5 4. Nf3 e6 5. Be2 Nd7 6. Nbd2 Bb4 7. 0-0 Ba5 8. c4 Ne7 9. Nb3 Bc7 10. Bg5 f6 11. exf6 gxf6 12. Bh4 Ng6 13. cxd5 cxd5 14. Bg3 Rc8 15. Bd3 Be4 16. Bxe4 dxe4 17. Nh4 f5 18. Qh5 Nf6 19. Qh6 Kf7 20. d5 Nxd5 21. Rae1 Qf6 22. Bxc7 Qxh4 23. Qxh4 Nxh4 24. Bg3 Ng6 25. h4 h5 26. f4 1-0

[Event "Hilversum op"]
[Site "Hilversum"]
[Date "2008.04.06"]
[Round "2"]
[White "Ceko, Jovan"]
[Black "Van der Wiel, John"]
[Result "1/2-1/2"]
[WhiteElo "2242"]
[BlackElo "2490"]
[PlyCount "64"]
[EventDate "2008.04.05"]
[EventType "swiss"]
[EventRounds "9"]
[EventCountry "NED"]
[SourceTitle "CBM 123 Extra"]
[Source "ChessBase"]
[SourceDate "2008.05.06"]
[SourceVersion "1"]
[SourceVersionDate "2008.05.06"]
[SourceQuality "1"]

1. e4 c5 2. Nf3 Nc6 3. Bb5 g6 4. 0-0 Bg7 5. Re1 e5 6. c3 Nge7 7. Na3 0-0 8. Nc2 Qb6 9. a4 a6 10. Bc4 Na5 11. Ne3 Nxc4 12. Nxc4 Qc7 13. a5 d6 14. Qb3 Bg4 15. Ng5 h6 16. Ne3 c4 17. Qb4 Bd7 18. Nf3 Rfc8 19. b3 cxb3 20. Ba3 Be6 21. Qxd6 Nc6 22. Bc5 Qxd6 23. Bxd6 Rd8 24. Bc7 Rd7 25. Bb6 f5 26. exf5 gxf5 27. Nf1 Bc4 28. Rab1 f4 29. d4 exd4 30. cxd4 Nxd4 31. Bxd4 Bxd4 32. N1d2 Bb5 1/2-1/2

[Event "Haarlem Nova College op 3rd"]
[Site "Haarlem"]
[Date "2004.07.03"]
[Round "3"]
[White "Gutman, Lev"]
[Black "Ceko, Jovan"]
[Result "1-0"]
[WhiteElo "2456"]
[BlackElo "2245"]
[PlyCount "106"]
[EventDate "2004.07.02"]
[EventType "swiss"]
[EventRounds "6"]
[EventCountry "NED"]
[SourceTitle "CBM 101 Extra"]
[Source "ChessBase"]
[SourceDate "2004.09.01"]
[SourceVersion "2"]
[SourceVersionDate "2004.09.01"]
[SourceQuality "1"]

1. Nf3 Nf6 2. g3 g6 3. Bg2 Bg7 4. 0-0 0-0 5. d4 d6 6. c4 c6 7. h3 Nbd7 8. Nc3 e5 9. dxe5 dxe5 10. Be3 Qe7 11. Qa4 a5 12. Nd2 Re8 13. Rfd1 Nc5 14. Qa3 Bf8 15. Nb3 Nxb3 16. Qxe7 Bxe7 17. axb3 Bf5 18. Rdc1 Ra6 19. g4 Be6 20. Rd1 Kg7 21. Rd2 h6 22. Rad1 Bb4 23. Rd3 a4 24. Nxa4 Bxc4 25. bxc4 Rxa4 26. Rb3 e4 27. Bd4 c5 28. Bxf6+ Kxf6 29. Re3 Ba5 30. Bxe4 Re7 31. Rf3+ Kg7 32. Bd5 Ra2 33. Rb1 Bb4 34. Kf1 Ra5 35. Rd1 b5 36. cxb5 Rxb5 37. Bc4 Rb6 38. Rfd3 Rbb7 39. b3 Ra7 40. e3 Ra2 41. Kg2 Raa7 42. h4 Ra2 43. Kg3 Raa7 44. g5 Ba5 45. f4 Bb4 46. Kf3 Ra2 47. Rd7 Ra7 48. Rxe7 Rxe7 49. e4 hxg5 50. hxg5 f6 51. gxf6+ Kxf6 52. Kg4 Bc3 53. Rd5 Bb4 1-0

[Event "Zwolle KPMG op"]
[Site "Zwolle"]
[Date "2001.03.10"]
[Round "3"]
[White "Wohl, Aleksandar H"]
[Black "Ceko, Jovan"]
[Result "1-0"]
[WhiteElo "2441"]
[BlackElo "2236"]
[PlyCount "91"]
[EventDate "2001.03.??"]
[EventType "swiss"]
[EventRounds "6"]
[EventCountry "NED"]
[SourceTitle "CBM 081 Extra"]
[Source "ChessBase"]
[SourceDate "2001.05.06"]
[SourceVersion "1"]
[SourceVersionDate "2001.05.06"]
[SourceQuality "1"]

1. c4 Nf6 2. Nc3 e6 3. Nf3 b6 4. g3 Bb7 5. Bg2 c5 6. 0-0 Be7 7. d4 cxd4 8. Qxd4 d6 9. b3 a6 10. Rd1 0-0 11. Ba3 Ne8 12. e4 Qc7 13. Rac1 Nd7 14. Qe3 Nef6 15. Nd4 Rfe8 16. h3 Rad8 17. g4 h6 18. Qg3 Qb8 19. h4 Nc5 20. f3 Bf8 21. Bb2 Qa7 22. Kh1 Qa8 23. Rc2 g6 24. Rcd2 Bg7 25. Nc2 d5 26. b4 d4 27. Nxd4 Ncxe4 28. Nxe4 Bxe4 29. fxe4 e5 30. Nb3 Nxe4 31. Bxe4 Qxe4+ 32. Qg2 Rxd2 33. Qxe4 Rxd1+ 34. Kg2 f5 35. gxf5 gxf5 36. Qxf5 Rf8 37. Qe6+ Kh7 38. h5 Rdf1 39. Qg6+ Kh8 40. Qxb6 R1f5 41. Bc1 Rxh5 42. Nc5 Rg8 43. Ne4 Bf6+ 44. Kf3 Rh3+ 45. Ke2 Bd8 46. Qe6 1-0

[Event "Ljubljana op 10th"]
[Site "Ljubljana"]
[Date "1999.07.02"]
[Round "8"]
[White "Ceko, Jovan"]
[Black "Filipovic, Branko"]
[Result "0-1"]
[WhiteElo "2215"]
[BlackElo "2434"]
[PlyCount "57"]
[EventDate "1999.06.??"]
[EventType "swiss"]
[EventRounds "9"]
[EventCountry "SLO"]
[SourceTitle "EXT 2000"]
[Source "ChessBase"]
[SourceDate "1999.11.16"]
[SourceVersion "1"]
[SourceVersionDate "1999.11.16"]
[SourceQuality "1"]

1. c4 e6 2. d4 b6 3. a3 Bb7 4. Nc3 f5 5. Nf3 Nf6 6. Bg5 Be7 7. e3 0-0 8. Be2 Ne4 9. Bxe7 Qxe7 10. Rc1 d6 11. 0-0 Rf6 12. Ne1 Rh6 13. h3 Nd7 14. f3 Ng3 15. Rf2 g5 16. Bd3 Nf6 17. Ne2 Nfh5 18. Qd2 Rf8 19. c5 g4 20. c6 Bc8 21. e4 Qg7 22. fxg4 fxg4 23. Rxf8+ Qxf8 24. Nxg3 Nxg3 25. Qf2 Qxf2+ 26. Kxf2 gxh3 27. gxh3 Nh5 28. Bf1 Nf4 29. Kg3 0-1